| 000 | 01243 aa a2200253 4500 | ||
|---|---|---|---|
| 005 | 20090922140418.0 | ||
| 008 | 080922t xxu||||| |||| 00| 0 hin d | ||
| 010 | _aHIN-87965 | ||
| 020 |
_a8178792419 _c175.00 |
||
| 035 | _aHN-60311 | ||
| 037 | _bDBAD / PUB | ||
| 040 |
_aDPL _bHN |
||
| 082 | _a796.345 | ||
| 100 | _aउषा गोपाल | ||
| 245 |
_aबैडमिन्टन सीखें _cउषा गोपाल |
||
| 246 |
_aBadminton seekhen _bby Usha Gopal |
||
| 260 |
_aनई दिल्ली _bस्पोर्टस पब्लिकेशन _c2008 |
||
| 270 |
_a7/26,(ग्राउड फ्लोर), अंसारी रोड, दरियागंज _bनई दिल्ली _e110002 _k(ऑ)65749511,66326118 (नि)27562163(मो.)9868028838 _mlakshaythani@hotmail.com |
||
| 300 |
_a124पृ. _b(सचित्र) _c22सेमी(सजिल्द) |
||
| 650 | _aबैडमिन्टन | ||
| 650 | _aBadminton | ||
| 942 |
_aDPL _cHN _2ddc _h796.345 _mउषागो |
||
| 999 |
_c30566 _d30566 |
||